Óriásláb a Dóm téren

Elmentve itt :
Bibliográfiai részletek
Szerző: Tombácz Róbert
Dokumentumtípus: Cikk
Megjelent: 2007-07-14
Sorozat:Délmagyarország 97 No. 163
Kulcsszavak:Szeged, Szoborkiállítás Szeged - Dóm tér, Szegedi Szabadtéri Játékok, Eseménynaptár Szeged 2007. 07.
Online Access:http://dmarchiv.bibl.u-szeged.hu/138535
LEADER 00547nab a2200157 i 4500
001 delm138535
005 20191220102349.0
008 191220s2007 hu o 0|| hun d
040 |a SZTE Délmagyarország Archívum  |b hun 
041 |a hun 
100 1 |a Tombácz Róbert 
245 1 0 |a Óriásláb a Dóm téren  |h [elektronikus dokumentum] /  |c  Tombácz Róbert 
260 |c 2007-07-14 
300 |a 24 
490 0 |a Délmagyarország  |v 97 No. 163 
695 |a Szeged, Szoborkiállítás Szeged - Dóm tér, Szegedi Szabadtéri Játékok, Eseménynaptár Szeged 2007. 07.